|
|
|
|
| LEADER |
00597cam a2200169 7i4500 |
| 001 |
0000006868 |
| 005 |
19991025090000.0 |
| 002 |
##000008589 |
| 020 |
0 |
0 |
|a T000006456
|
| 090 |
0 |
0 |
|a M 381.1025
|b LOV
|
| 245 |
0 |
0 |
|a Love Malaysia consumer & trade fair '98 :
|b expo cintai Malaysia '98..
|
| 260 |
0 |
0 |
|a [s.l]:
|b The Chine Chamber of Commerce and Industry of Kuala Lumpur & Selangor,
|c 1998.
|
| 300 |
0 |
0 |
|a [v.p].
|
| 650 |
0 |
0 |
|a Trade fairs --
|x Directories --
|z Malaysia
|
| 650 |
0 |
0 |
|a Exhibitions --
|x Directories --
|z Malaysia
|
| 651 |
0 |
0 |
|a Malaysia
|
| 999 |
|
|
|a 0000009965
|b Book
|c Open shelf
|e Business Information Centre
|